000 00600nam a2200229Ia 4500
003 OSt
005 20220928101754.0
006 a|||||r|||| 00| 0
007 ta
008 220927b |||||||| |||| 00| 0 eng d
024 _a56109
037 _cTextual
040 _aSDCL
_cSDCL
_beng
041 _2eng
_aeng
082 _aO152,3N3593,1, N6
100 _aPushkal Ajit
_9395011
245 0 _aNarak kund ki machhali.
260 _aDelhi
_bYatri Prakahan
_c1996
300 _a125p
_ccm.
942 _hO152,3N3593,1, N6
_cTEXL
_2CC
999 _c710628
_d710628